Images de personnages dans Harry Potter - Statistiques

Statistiques générales
  • Ce quiz a été pris 628 fois
    608 depuis la dernière actualisation
  • Le résultat moyen est 32 sur 37
Statistiques - réponses
Image Nom % Correct
 Rubeus Hagrid
99%
 Ginny Weasley
96%
 Severus Rogue
96%
 Albus Dumbledore
95%
⚡Philosopher's Stone⚡ @Naomi_Lord Harry Potter
95%
Luna Lovegood Luna Lovegood
95%
 Molly Weasley
95%
🐍Draco Malfoy🐍 Drago Malefoy
94%
 Minerva Mcgonagall
94%
 Ron Weasley
94%
10.7 mil curtidas, 133 comentários - Naomi Lord (@naomi_lord) no Instagram: “‘Master has given Dobby a sock!’ Gotta love this cinnamon roll of a character, can’t believe I…” Dobby
93%
 Fred & George Weasley
93%
Moaning Myrtle Mimi Geignarde
93%
🐍BELLATRIX LESTRANGE🐍 Bellatrix Lestrange
92%
Dolores Umbridge Dolores Ombrage
91%
 Lord Voldemort
91%
🐍Lucius Malfoy🐍 Lucius Malefoy
91%
Nearly Headless Nick Nick-Quasi-Sans-Tête
91%
 Arthur Weasley
90%
Sirius Black By Naomi_Lord Sirius Black
90%
🐍💚Narcissa Malfoy💚🐍 Narcissa Malefoy
89%
 Charlie Weasley
88%
Neville Neville Londubat
88%
 Gilderoy Lockhart
87%
 Pomona Chourave
87%
🐍Tom Riddle🐍 Tom Jedusor
87%
 Nymphadora Tonks
86%
 Sibylle Trelawney
85%
 Filius Flitwick
84%
 Bill Weasley
82%
Fanarts Harry Potter : l'art au service de la magie | L'artboratoire Quirinus Quirell
82%
 Remus Lupin
82%
The Grey Lady La Dame Grise
81%
The Bloody Baron Le Baron Sanglant
73%
Fat Fair Le Moine Gras
67%
Lily Evans By Naomi_Lord Lily Evans
62%
 Teddy Lupin
46%
Aucun quiz correspondant
Distribution des résultats
% des personnes avec chaque résultat
Percentile par nombre de réponses
Votre historique - résultats
Vous n’avez pas pris ce quiz depuis la dernière actualisation